| 000 | 00889aam a2200289 4500 | ||
|---|---|---|---|
| 005 | 20161121105511.0 | ||
| 008 | 150407b xxu||||| |||| 00| 0 spa d | ||
| 041 | _aEspañol | ||
| 082 | _a909 D532h | ||
| 100 |
_aDelgado de Cantú, Gloria _928054 |
||
| 245 | _aHistoria universal de la era de las revoluciones al mundo globalizado | ||
| 250 | _a3 edición | ||
| 260 |
_aMéxico _bPearson Educación _c616 páginas |
||
| 650 |
_aHISTORIA UNIVERSAL _916891 |
||
| 650 |
_aPREHISTORIA _916887 |
||
| 650 |
_aEDAD ANTIGUA _922263 |
||
| 650 |
_aEDAD MEDIA _915297 |
||
| 650 |
_aREVOLUCIONES BURGUESAS _928055 |
||
| 650 |
_aIMPERIALISMO _916903 |
||
| 650 |
_aPRIMERA GUERRA MUNDIAL _94672 |
||
| 650 |
_aREVOLUCIÓN RUSA _94674 |
||
| 650 |
_aPERIODO ENTREGUERRAS _928056 |
||
| 650 |
_aCAPITALISMO _91439 |
||
| 650 |
_aSOCIALISMO _919404 |
||
| 650 |
_aGLOBALIZACIÓN _933049 |
||
| 942 | _cBK | ||
| 999 |
_c3290 _d3290 |
||